Research and design methods: A process approach

Guardat en:
Dades bibliogràfiques
Autor principal: Kenneth S. Bordens
Format: Llibre
Idioma:Undetermined
Publicat: Boston, MA McGraw-Hill 2005
Matèries:
Etiquetes: Afegir etiqueta
Sense etiquetes, Sigues el primer a etiquetar aquest registre!
Thư viện lưu trữ: Trung tâm Học liệu Trường Đại học Cần Thơ
LEADER 00596nam a2200205Ia 4500
001 CTU_57390
008 210402s9999 xx 000 0 und d
020 |b 844000 
082 |a 150.72 
082 |b B728 
100 |a Kenneth S. Bordens 
245 0 |a Research and design methods: A process approach 
245 0 |c Kenneth S. Bordens and Bruce B. Abbott 
260 |a Boston, MA 
260 |b McGraw-Hill 
260 |c 2005 
650 |a psychology,psychology 
650 |x research,textboook,research,methodology 
904 |i Minh 
980 |a Trung tâm Học liệu Trường Đại học Cần Thơ